| 000 | 00496nam a2200169 i 4500 | ||
|---|---|---|---|
| 001 | 38492 | ||
| 003 | ES-MaACL | ||
| 005 | 20230906155752.0 | ||
| 007 | t| | ||
| 008 | 030225s1921 gt ||||1| spa d | ||
| 100 | 1 |
_aCalderón Pardo, Rodolfo. _933625 |
|
| 245 | 1 | 0 |
_aAlma bohemia / _cRodolfo Calderón Pardo ; prólogo de Flavio Guillén. |
| 260 |
_aGuatemala : _b[s.n., _c1921] ( _fImp. Royal) |
||
| 300 |
_a101 p. ; _c20 cm. |
||
| 700 | 1 |
_aGuillén, Flavio. _960763 |
|
| 852 |
_aES-MaACL _jC-3416 |
||
| 999 |
_c38492 _d38492 |
||